| 000 | 01735nam a22003374i 4500 | ||
|---|---|---|---|
| 999 |
_c64489 _d64489 |
||
| 001 | 768714001 | ||
| 003 | CO-MdFUSB | ||
| 005 | 20180904085947.0 | ||
| 008 | 180808t1969 sp ||||| |||| 00| 0 spa d | ||
| 040 |
_aCO-MdFUSB _bspa _cCO-MdFUSB _dCO-MdFUSBC _erda |
||
| 041 | _aspa | ||
| 082 |
_223 _a222.907 _bSI571 |
||
| 100 |
_aSiebeneck, Robert T. _eautor |
||
| 240 | _aThe Old Testament Reading Guide : Judith and Esther | ||
| 245 |
_aLibros de Judit y Ester _c/ Robert T. Siebeneck ; traductor Gregorio Gil |
||
| 264 | 1 |
_aEspaña : _bSalterrae, _c℗[1972]. |
|
| 264 | 4 | _c©1972 | |
| 300 |
_a142 páginas _c; 17 cm |
||
| 336 |
_2rdacontent _atexto _btxt |
||
| 337 |
_2rdamedia _asin mediación _bn |
||
| 338 |
_2rdacarrier _avolumen _bnc |
||
| 490 | 1 | _aConoce la biblia : Antiguo Testamento. | |
| 505 |
_tEl libro de Judit: _aIntroducción -- Texto y comentario -- Campaña de Nabucodonosor contra el Oeste (1,1-3,9) -- Israel se prepara para resistir (4,1-15) -- Discurso de Aquior; Holofernes pone sitio a Betulia (5,1-7,32) -- Judit, con un destello de esperanza (8,1-9,14) -- Judith y Holofernes (10,1-13,10) -- Judit en triunfo (13,11-16,25) |
||
| 505 |
_tEl libro de Ester: _aIntroducción -- Texto y comentario -- Sueño de Mardoqueo. Conjura contra el rey -- La reina Vasti es depuesta.—Ester es elegida reina -- Amán conspira contra los Judíos -- Mardoqueo y Ester llevan la contraofensiva judía -- Amán es colgado -- La fiesta de Purim -- Comentarios finales -- Temas para repaso -- Abreviaturas. |
||
| 563 | _aTapa rústica | ||
| 630 | 0 | 7 |
_aBiblia. _pEster |
| 630 | 0 | 7 |
_aBiblia. _pJudit |
| 700 |
_aGil, Gregorio _etraductor |
||
| 830 |
_aConoce la biblia : Antiguo Testamento _vNo. 25 |
||
| 942 | _cBK | ||